Car Model Badges 3 - Statistics

General Stats
  • This quiz has been taken 40 times
  • The average score is 5 of 16
Answer Stats
Picture Answer % Correct
Chevrolet Corvette
94%
Shelby Cobra
87%
Porsche Carrera GT
61%
Pagani Huayra
52%
DMC Delorean
48%
Dodge Hornet
42%
Lamborghini Miura
29%
AMC Marlin
26%
Aston Martin Lagonda
26%
Ferrari F50
26%
Apperson Jackrabbit
6%
Buick Wildcat
6%
Nissan Leopard
6%
Oldsmobile Starfire
6%
Studebaker Lark
3%
Ford Corcel
0%
No matching quizzes found
Score Distribution
Percent of People with Each Score
Percentile by Number Answered
Your Score History
You have not taken this quiz